LEADER 01004naa a2200229 u 4500 001 000000096748 003 CaOOAMICUS 005 20070226130147.0 008 041210s1981 it u000 u fre u 020 $a2728300267 035 $a11018659 040 $aIAR$bita 100 1 $aBalsamo, Isabelle.$0(OLS)http://pul/name/61598 245 13$aLa vie intellectuelle à la Trinité-des-Monts au XVIIIe siècle /$cIsabelle Balsamo. 260 $aRome :$bAcadémie de France :$bEcole française de Rome,$c1981. 300 $aS. 453-478 ;$c25 cm 773 0 $aLes fondations nationales dans la Rome pontificale. 773 0 $tCollection de l'Ecole française de Rome$g52 773 0 $tLes Fondations nationales dans la Rome pontificale$w()907 996 $6020$a2728300267$9(OLS)http://pul/number/1218 996 $6245$aLa vie intellectuelle à la Trinité-des-Monts au XVIIIe siècle$9(OLS)http://pul/title/123630 996 $6260$aRome :$bAcadémie de France :$bEcole française de Rome$9(OLS)http://pul/publisher/48415 LEADER 01230nam a2200349 u 4500 001 000000060846 003 CaOOAMICUS 005 20070226120946.0 008 010802s1982 it u000 u ita u 035 $a10899479 040 $aPUL(R)$bita 041 1 $aita$hfre 100 1 $aFavreau, Francois.$0(OLS)http://pul/name/41502 240 10$aAu nom de Jésus-Christ.$lItaliano.$0(OLS)http://pul/title/81307 245 13$aLa vita in Cristo /$cFrancois Favreau. 260 $aBologna :$bEDB,$cc1982. 300 $a286 p. ;$c21 cm 490 1 $aCredere ;$v4 500 $aComprende indici. 504 $aBibliografia in nota. 600 04$aIesus Christus.$0(OLS)http://pul/subject/207 650 4$aChiesa.$0(OLS)http://pul/subject/2116 830 0$aCredere ;$v4.$0(OLS)http://pul/title/81300 850 $aPUL 852 $aPUL$W1$xSL Religione 1$y3$m57 C 40$j79361$nBK-PRI$b $qStampati$B79361$CPULBib$Z2$F79361 $H $81 941 1 $a8 960 $aCristologia$9207 960 $aCristologia$9207 960 $aGesù Cristo$9207 961 $aINV: 56150 996 $6245$aLa vita in Cristo$9(OLS)http://pul/title/21138 996 $6260$aBologna :$bEDB$9(OLS)http://pul/publisher/56073